| 000 | 00564cam a22002177a 4500 | ||
|---|---|---|---|
| 001 | 002083 | ||
| 003 | armpunfd | ||
| 005 | 20140612090658.0 | ||
| 008 | 070323e0####xx#a##########000#0#und#d | ||
| 040 |
_aarmpunfd _carmpunfd |
||
| 080 | _a340 SC 28 | ||
| 100 | 1 | 0 | _a Schreiber, Rupert |
| 245 | 1 | 0 | _aLogica del derecho |
| 260 |
_a Uenos Aires : Sur _b1967. 129 P |
||
| 650 | 7 |
_a Lenguaje Juridico _2LEMB |
|
| 650 | 7 |
_a Lenguaje _2LEMB |
|
| 650 | 7 |
_a Logica Del Derecho _2LEMB |
|
| 650 | 7 |
_a Logica _2LEMB |
|
| 942 |
_cLB _2cdu |
||
| 945 |
_aCatalis _d2010-08-19 |
||
| 999 |
_c2074 _d232578 |
||